<?xml version="1.0" encoding="UTF-8"?>
<record
    xmlns:xsi="http://www.w3.org/2001/XMLSchema-instance"
    xsi:schemaLocation="http://www.loc.gov/MARC21/slim http://www.loc.gov/standards/marcxml/schema/MARC21slim.xsd"
    xmlns="http://www.loc.gov/MARC21/slim">

  <leader>00621nam a22001817a 4500</leader>
  <controlfield tag="005">20230904114920.0</controlfield>
  <datafield tag="010" ind1=" " ind2=" ">
    <subfield code="a">ENG-137954</subfield>
  </datafield>
  <datafield tag="020" ind1=" " ind2=" ">
    <subfield code="c">845.00</subfield>
    <subfield code="a">9789355325112</subfield>
  </datafield>
  <datafield tag="035" ind1=" " ind2=" ">
    <subfield code="a">EN-121486</subfield>
  </datafield>
  <datafield tag="037" ind1=" " ind2=" ">
    <subfield code="b">Mc Graw Hill</subfield>
  </datafield>
  <datafield tag="082" ind1=" " ind2=" ">
    <subfield code="a">000</subfield>
  </datafield>
  <datafield tag="100" ind1=" " ind2=" ">
    <subfield code="a">Sharma,Arun</subfield>
    <subfield code="9">55853</subfield>
  </datafield>
  <datafield tag="245" ind1=" " ind2=" ">
    <subfield code="a">How to prepare for LOGICAL REASONING For CAT:</subfield>
    <subfield code="c">by Arun Sharma</subfield>
    <subfield code="b">Common admission test &amp; other Managements Examinations/ </subfield>
  </datafield>
  <datafield tag="260" ind1=" " ind2=" ">
    <subfield code="a">Chennai</subfield>
    <subfield code="b">Mc Graw Hill</subfield>
    <subfield code="c">2023</subfield>
  </datafield>
  <datafield tag="270" ind1=" " ind2=" ">
    <subfield code="a">Anjana Complex No.5/90 A butt Road St.Thomas Mount,</subfield>
    <subfield code="b">Chennai</subfield>
    <subfield code="e">600016</subfield>
  </datafield>
  <datafield tag="300" ind1=" " ind2=" ">
    <subfield code="a">vpp. </subfield>
    <subfield code="c">27cm(pbk)</subfield>
    <subfield code="b">Index</subfield>
  </datafield>
  <datafield tag="942" ind1=" " ind2=" ">
    <subfield code="2">ddc</subfield>
    <subfield code="c">EN</subfield>
    <subfield code="m">SHA</subfield>
    <subfield code="h">000</subfield>
  </datafield>
  <datafield tag="999" ind1=" " ind2=" ">
    <subfield code="c">197780</subfield>
    <subfield code="d">197780</subfield>
  </datafield>
  <datafield tag="952" ind1=" " ind2=" ">
    <subfield code="0">0</subfield>
    <subfield code="1">0</subfield>
    <subfield code="4">0</subfield>
    <subfield code="7">0</subfield>
    <subfield code="8">NFIC</subfield>
    <subfield code="a">CJ</subfield>
    <subfield code="b">CJ</subfield>
    <subfield code="d">2023-09-04</subfield>
    <subfield code="e">DBAD/PUB</subfield>
    <subfield code="g">845.00</subfield>
    <subfield code="l">3</subfield>
    <subfield code="m">5</subfield>
    <subfield code="o">SHA 000</subfield>
    <subfield code="p">EN-121486</subfield>
    <subfield code="r">2025-05-17 00:00:00</subfield>
    <subfield code="s">2025-03-15</subfield>
    <subfield code="t">1</subfield>
    <subfield code="v">845.00</subfield>
    <subfield code="w">2023-09-04</subfield>
    <subfield code="y">EN</subfield>
  </datafield>
</record>
